01492 2200409 4500001002100000005001500021035002000036007000300056008004100059020002200100082001400122084001600136100003100152245026400183250002400447300004000471650001900511264003400530336002100564337003000585338002300615040002200638090002200660850001200682999002200694700002700716700003400743700003600777700004200813700003500855700003200890700003800922700003600960700003900996504002501035990002201060INLIS00000000087892520230531114139 a0010-0523000802ta230531s2023 yoia g | ind d a978-623-261-596-004223a324.6 a324.6 RID d0 aRidho Al-Hamdi,ePengarang10aDinamika jelang pemilu serentak 2024 /cRidho Al-Hamdi, Ali Maksum, Aulia Nur Kasiwi, Atik Sept Winarsih, Bambang Eka Cahya Widodo, Cahyadi Kurniawan, Fajar Rahmanto, Helen Dian Fridayani, Juhari Sasmito Aji, Lisa Sophia Yuliantini; penyunting, Ridho Al-Hamdi aCetakan I, Mei 2023 aviii, 203 halaman :btabel ;c21 cm 4aPemilihan umum31aBantul :bSamudra Biru,c2023 2rdacontentateks 2rdamediaatanpa perantara 2rdacarrieravolume aYOPDYOGbinderda aCB-D.11 2023-0514 aYOPDYOG aCB-D.11/2023-05140 aAli Maksum,ePengarang0 aAulia Nur Kasiwi,ePenyunting0 aAtik Sept Winarsih,ePenyunting0 aBambang Eka Cahya Widodo,ePenyunting0 aCahyadi Kurniawan,ePenyunting0 aFajar Rahmanto,ePenyunting0 aHelen Dian Fridayani,ePenyunting0 aJuhari Sasmito Aji,ePenyunting0 aLisa Sophia YuliantiniePenyunting atermasuk bibliografi aCB-D.11/2023-0514